[Event "Titled Tuesday intern op 11th Mar Late"]
[Site "Chess.com INT"]
[Date "2025.03.11"]
[Round "4"]
[White "Lancman, Kyle"]
[Black "Antoniou, Rafail"]
[Result "1-0"]
[WhiteElo "2150"]
[BlackElo "2087"]
[PlyCount "139"]
[EventDate "2025.03.11"]
[EventType "swiss (blitz)"]
[EventRounds "11"]
[EventCountry "USA"]
[SourceTitle "CB12_2025"]
[SourceDate "2025.03.19"]
[SourceVersion "1"]
[SourceVersionDate "2025.03.19"]
[SourceQuality "1"]

1. e4 c5 2. Nf3 e6 3. c3 Nf6 4. e5 Nd5 5. d4 cxd4 6. cxd4 d6 7. Bc4 dxe5 8. dxe5 Be7 9. 0-0 0-0 10. Qe2 Bd7 11. Rd1 Bc6 12. Bd2 Qc7 13. Nc3 Nxc3 14. Bxc3 Bxf3 15. gxf3 Nc6 16. Rac1 Rad8 17. a3 Bg5 18. Rxd8 Rxd8 19. Re1 h6 20. Qe4 Bd2 21. Bxd2 Rxd2 22. b4 Rd4 23. Qe2 Nxe5 24. Bxe6 Nd3 25. Bf5 g6 26. Bxd3 Rh4 27. Qe8+ Kh7 28. Qe5 Qd8 29. Qe7 Qd5 30. Qxh4 Qxd3 31. Qe4 Qd8 32. Qe7 Qd5 33. Re5 Qxf3 34. Qh4 Qd1+ 35. Kg2 Qd7 36. Qf4 Kg7 37. Qe4 Kf8 38. Rd5 Qc8 39. Qd4 Qc6 40. Qh8+ Ke7 41. Qe5+ Kf8 42. Kg3 f6 43. Rd8+ Kf7 44. Qd5+ Qxd5 45. Rxd5 Ke6 46. Rd3 b6 47. Kf3 Ke5 48. Ke3 g5 49. Rd7 f5 50. Rxa7 f4+ 51. Kf3 Kf5 52. Rb7 g4+ 53. Kg2 h5 54. Rxb6 h4 55. Rb5+ Ke4 56. Rb8 h3+ 57. Kg1 Kf3 58. Re8 g3 59. fxg3 fxg3 60. hxg3 Kg4 61. b5 Kf3 62. b6 Kg4 63. b7 h2+ 64. Kxh2 Kf3 65. b8Q Kg4 66. Qf4+ Kh5 67. Rh8+ Kg6 68. Rh6+ Kg7 69. Qf6+ Kg8 70. Rh8# 1-0

[Event "Titled Tuesday intern op 11th Mar Late"]
[Site "Chess.com INT"]
[Date "2025.03.11"]
[Round "2"]
[White "Szpar, Milosz"]
[Black "Lancman, Kyle"]
[Result "1-0"]
[WhiteElo "2449"]
[BlackElo "2150"]
[PlyCount "57"]
[EventDate "2025.03.11"]
[EventType "swiss (blitz)"]
[EventRounds "11"]
[EventCountry "USA"]
[SourceTitle "CB12_2025"]
[SourceDate "2025.03.19"]
[SourceVersion "1"]
[SourceVersionDate "2025.03.19"]
[SourceQuality "1"]

1. d4 d5 2. c4 e6 3. Nf3 Nf6 4. g3 Bb4+ 5. Nc3 0-0 6. Bg2 dxc4 7. 0-0 Nc6 8. a3 Be7 9. e4 Rb8 10. Bf4 b5 11. Re1 Na5 12. Qc2 h6 13. Rad1 a6 14. d5 exd5 15. e5 Nh5 16. Nxd5 Bd7 17. e6 Nxf4 18. Nxf4 fxe6 19. Nxe6 Qc8 20. Nxf8 Bxf8 21. Ne5 Bf5 22. Bd5+ Kh8 23. Be4 Bxe4 24. Qxe4 Rb6 25. Rd8 Qxd8 26. Nf7+ Kg8 27. Nxd8 Rd6 28. Ne6 Be7 29. Qg6 1-0

[Event "Titled Tuesday intern op 26th Nov Late"]
[Site "Chess.com INT"]
[Date "2024.11.26"]
[Round "2"]
[White "Jimenez Salas, Maria Teresa"]
[Black "Lancman, Kyle"]
[Result "0-1"]
[WhiteElo "2079"]
[BlackElo "2150"]
[PlyCount "24"]
[EventDate "2024.11.26"]
[EventType "swiss (blitz)"]
[EventRounds "11"]
[EventCountry "USA"]
[SourceTitle "CB49_2024"]
[SourceDate "2024.12.04"]
[SourceVersion "1"]
[SourceVersionDate "2024.12.04"]
[SourceQuality "1"]

1. e4 d6 2. d4 g6 3. Nc3 Bg7 4. f4 Nf6 5. Nf3 0-0 6. Be3 c5 7. d5 Qa5 8. Bd3 b5 9. Qd2 c4 10. Be2 b4 11. Nb1 Nxe4 12. Qc1 Qxd5 0-1

[Event "Titled Tuesday intern op 26th Nov Late"]
[Site "Chess.com INT"]
[Date "2024.11.26"]
[Round "6"]
[White "Lancman, Kyle"]
[Black "Garcia Ramos, Daniel"]
[Result "1-0"]
[WhiteElo "2150"]
[BlackElo "2437"]
[PlyCount "129"]
[EventDate "2024.11.26"]
[EventType "swiss (blitz)"]
[EventRounds "11"]
[EventCountry "USA"]
[SourceTitle "CB49_2024"]
[SourceDate "2024.12.04"]
[SourceVersion "1"]
[SourceVersionDate "2024.12.04"]
[SourceQuality "1"]

1. e4 c6 2. Nc3 d5 3. Nf3 dxe4 4. Nxe4 Nf6 5. Qe2 Nxe4 6. Qxe4 Qa5 7. c3 Bf5 8. Qf4 e6 9. d4 Nd7 10. Bc4 h6 11. 0-0 g5 12. Qe3 Bd6 13. a4 Qc7 14. g3 0-0-0 15. b4 Nb6 16. Bb3 Nd5 17. Bxd5 exd5 18. Re1 f6 19. Ba3 h5 20. b5 h4 21. Bxd6 Qxd6 22. Qe7 hxg3 23. fxg3 Be4 24. Qxd6 Rxd6 25. Nd2 f5 26. Nxe4 dxe4 27. g4 Rdh6 28. gxf5 Rxh2 29. f6 g4 30. f7 R2h3 31. Rxe4 Kd7 32. Rae1 Rg3+ 33. Kf2 Rf3+ 34. Kg2 Rxf7 35. Rxg4 cxb5 36. axb5 Rh5 37. c4 Rfh7 38. Kf3 b6 39. Reg1 Rf7+ 40. Ke4 Re7+ 41. Kf4 Rf7+ 42. Ke4 Re7+ 43. Kd3 Rh3+ 44. R1g3 Rh1 45. Rg7 Rd1+ 46. Kc3 Rc1+ 47. Kb3 Rd1 48. Rxe7+ Kxe7 49. Rg7+ Kd6 50. Rxa7 Rxd4 51. Rb7 Rd3+ 52. Kb4 Rd1 53. Rxb6+ Kc7 54. Rc6+ Kd7 55. Kc5 Rb1 56. Rh6 Kc7 57. Rh7+ Kc8 58. Kc6 Kd8 59. Rh8+ Ke7 60. b6 Rb4 61. c5 Ke6 62. b7 Ke5 63. b8Q+ Rxb8 64. Rxb8 Kd4 65. Rd8+ 1-0

[Event "Titled Tuesday intern op 26th Nov Late"]
[Site "Chess.com INT"]
[Date "2024.11.26"]
[Round "4"]
[White "Lancman, Kyle"]
[Black "Goryachkina, Aleksandra"]
[Result "0-1"]
[WhiteElo "2150"]
[BlackElo "2528"]
[PlyCount "118"]
[EventDate "2024.11.26"]
[EventType "swiss (blitz)"]
[EventRounds "11"]
[EventCountry "USA"]
[SourceTitle "CB49_2024"]
[SourceDate "2024.12.04"]
[SourceVersion "1"]
[SourceVersionDate "2024.12.04"]
[SourceQuality "1"]

1. e4 e6 2. d4 d5 3. Nd2 Be7 4. Ngf3 Nf6 5. Bd3 c5 6. dxc5 dxe4 7. Bxe4 Bxc5 8. Bd3 Nbd7 9. 0-0 0-0 10. Qe2 Qc7 11. Ne4 Be7 12. Bg5 h6 13. Bh4 Re8 14. Rad1 Nxe4 15. Qxe4 Nf8 16. Bxe7 Qxe7 17. Ne5 a6 18. c3 Rd8 19. h3 Rb8 20. Bc2 Bd7 21. Nxd7 Rxd7 22. Rxd7 Qxd7 23. Rd1 Qc7 24. Qd3 Rc8 25. Qd6 Qa5 26. a4 b5 27. axb5 axb5 28. Be4 Qa4 29. Kh2 Qxe4 30. Qa6 Qf4+ 31. Kg1 Qc4 32. Rd4 Qc6 33. Qa7 Ng6 34. Rd7 Nf4 35. f3 Qc5+ 36. Qxc5 Rxc5 37. Rd8+ Kh7 38. Rd7 Kg6 39. Rb7 Nd3 40. b3 Rxc3 41. Rxb5 e5 42. Rb6+ f6 43. b4 Rb3 44. b5 Rb2 45. Rb8 Nf4 46. b6 Nxg2 47. b7 Nf4 48. h4 Kh5 49. Kf1 Kxh4 50. Ke1 Kg3 51. Kd1 Kxf3 52. Kc1 Nd3+ 53. Kd1 Nf4 54. Kc1 Rb6 55. Kc2 e4 56. Kc3 e3 57. Kc4 e2 58. Kc5 Rxb7 59. Rxb7 e1Q 0-1

[Event "Titled Tuesday intern op 24th Sep Late"]
[Site "Chess.com INT"]
[Date "2024.09.24"]
[Round "1"]
[White "Lancman, Kyle"]
[Black "Zhigalko, Sergei"]
[Result "1-0"]
[WhiteElo "2150"]
[BlackElo "2572"]
[PlyCount "103"]
[EventDate "2024.09.24"]
[EventType "swiss (blitz)"]
[EventRounds "11"]
[EventCountry "USA"]
[SourceTitle "EXT 2025"]
[Source "ChessBase"]
[SourceDate "2024.10.14"]
[SourceVersion "1"]
[SourceVersionDate "2024.10.14"]
[SourceQuality "1"]

1. e4 c5 2. Nf3 Nc6 3. Bb5 Nf6 4. Bxc6 dxc6 5. d3 Bg4 6. h3 Bh5 7. Nbd2 Qc7 8. 0-0 Nd7 9. Qe2 e6 10. b3 Be7 11. Bb2 0-0 12. g4 Bg6 13. Nc4 f6 14. Rae1 b5 15. Ne3 Bd6 16. Ng2 e5 17. Ngh4 Rfe8 18. Bc1 Nf8 19. Nf5 Ne6 20. Be3 Bf8 21. h4 Bf7 22. Kg2 c4 23. dxc4 bxc4 24. g5 g6 25. Ng3 Nf4+ 26. Bxf4 exf4 27. Nh1 Qc8 28. gxf6 h6 29. Kh2 Qe6 30. e5 Rad8 31. Rd1 Qf5 32. Rxd8 Rxd8 33. Rd1 Re8 34. Re1 Be6 35. Nd4 Qh3+ 36. Kg1 Bd5 37. f3 Bc5 38. c3 Bxf3 39. Qh2 Qg4+ 40. Kf1 Bxd4 41. cxd4 Bxh1 42. Qxh1 f3 43. Qh2 Qxd4 44. Qf2 Qd3+ 45. Kg1 cxb3 46. e6 Kf8 47. Qc5+ Kg8 48. f7+ Kg7 49. fxe8Q Qf5 50. Qf7+ Qxf7 51. exf7 Kxf7 52. Qe7+ 1-0

[Event "Titled Tuesday intern op 17th Sep Late"]
[Site "Chess,com INT"]
[Date "2024.09.17"]
[Round "4"]
[White "Swara, Lakshmi S Nair"]
[Black "Lancman, Kyle"]
[Result "0-1"]
[WhiteElo "2018"]
[BlackElo "2150"]
[PlyCount "114"]
[EventDate "2024.09.17"]
[EventType "swiss (blitz)"]
[EventRounds "11"]
[EventCountry "USA"]
[SourceTitle "EXT 2025"]
[Source "ChessBase"]
[SourceDate "2024.10.14"]
[SourceVersion "1"]
[SourceVersionDate "2024.10.14"]
[SourceQuality "1"]

1. e4 c5 2. Nf3 g6 3. d4 cxd4 4. Nxd4 Nc6 5. Nc3 Bg7 6. Be3 Nf6 7. f3 0-0 8. Qd2 d5 9. Nxc6 bxc6 10. 0-0-0 Qa5 11. Kb1 Be6 12. exd5 cxd5 13. Bd4 Rab8 14. b3 Rfc8 15. Bxf6 Bxf6 16. Ne4 Bc3 17. Nxc3 Rxc3 18. Bd3 Rbc8 19. h4 Qb4 20. h5 Kf8 21. hxg6 fxg6 22. Rxh7 Ke8 23. Bxg6+ Kd7 24. Be4 R8c5 25. Rh5 Kc7 26. Qf4+ Kb6 27. Qb8+ Ka5 28. Qxa7+ Kb5 29. a4+ Kc6 30. Qa6+ Kc7 31. Bxd5 Bxd5 32. Rhxd5 Rxb3+ 33. cxb3 Qxb3+ 34. Ka1 Rxd5 35. Qa7+ Kd6 36. Qa6+ Ke5 37. Qe2+ Kf6 38. Rxd5 Qxd5 39. Qe4 Qd1+ 40. Kb2 Qd2+ 41. Qc2 Qb4+ 42. Kc1 e5 43. Qc6+ Kf7 44. Qd5+ Kf6 45. Qc6+ Kf7 46. g4 Qa3+ 47. Kc2 Qa2+ 48. Kd3 Qa3+ 49. Ke4 Qb2 50. Kf5 Qd4 51. Qc7+ Kf8 52. Ke6 Qf4 53. Qxe5 Qc4+ 54. Qd5 Qc8+ 55. Kf6 Qa6+ 56. Qe6 Qb7 57. Qd6+ Kg8 0-1

[Event "Titled Tuesday intern op 13th Aug Late"]
[Site "Chess.com INT"]
[Date "2024.08.13"]
[Round "2"]
[White "Rogov, Matfey"]
[Black "Lancman, Kyle"]
[Result "1-0"]
[WhiteElo "2188"]
[BlackElo "2150"]
[PlyCount "73"]
[EventDate "2024.08.13"]
[EventType "swiss (blitz)"]
[EventRounds "11"]
[EventCountry "USA"]
[SourceTitle "EXT 2025"]
[Source "ChessBase"]
[SourceDate "2024.10.14"]
[SourceVersion "1"]
[SourceVersionDate "2024.10.14"]
[SourceQuality "1"]

1. e4 c5 2. a3 g6 3. Nc3 Bg7 4. Bc4 Nc6 5. d3 Nf6 6. h4 d6 7. h5 Nxh5 8. Rxh5 gxh5 9. Qxh5 Ne5 10. Ba2 Bg4 11. Qh4 Bf6 12. Qg3 Be6 13. Nd5 Bxd5 14. Bxd5 Qd7 15. f4 Ng6 16. Nf3 e6 17. Bb3 0-0-0 18. e5 dxe5 19. fxe5 Be7 20. Be3 Kb8 21. 0-0-0 Qc7 22. Qf2 Ka8 23. d4 cxd4 24. Bxd4 b6 25. Rd3 Bc5 26. Rc3 Bxd4 27. Nxd4 Qxe5 28. Qf3+ Rd5 29. Bxd5+ exd5 30. Qd1 Re8 31. Nb5 Re7 32. Kb1 Qe1 33. Qxe1 Rxe1+ 34. Ka2 Re2 35. Rc7 a6 36. Nd4 Rxg2 37. Nc6 1-0

[Event "New York 1924 Centennial"]
[Site "New York"]
[Date "2024.07.20"]
[Round "7"]
[White "Lancman, Kyle"]
[Black "Barbosa, Oliver"]
[Result "0-1"]
[WhiteElo "2075"]
[BlackElo "2482"]
[PlyCount "82"]
[EventDate "2024.07.17"]
[EventType "swiss"]
[EventRounds "9"]
[EventCountry "USA"]
[SourceTitle "CBM 221 Extra"]
[Source "ChessBase"]
[SourceDate "2024.09.30"]
[SourceVersion "1"]
[SourceVersionDate "2024.09.30"]
[SourceQuality "1"]

1. e4 c5 2. Nf3 d6 3. d4 cxd4 4. Nxd4 Nf6 5. f3 e5 6. Nb3 Be6 7. c4 a5 8. Be3 Be7 9. Nc3 0-0 10. Be2 a4 11. Nd2 Qa5 12. 0-0 Nc6 13. Nb5 Bd8 14. Qe1 Bb6 15. Qf2 Bc5 16. Nb1 Qb6 17. Bxc5 dxc5 18. N1c3 Nd4 19. Rfd1 Rfd8 20. Rac1 h6 21. Bf1 Qa5 22. Qe1 Qb6 23. Qf2 Nd7 24. Qg3 Qa5 25. Qf2 Nb6 26. Na3 Nc8 27. Qg3 f6 28. Qe1 Nd6 29. Rd2 Qc7 30. Qd1 Qa5 31. Qe1 g5 32. Nd1 g4 33. fxg4 Nxe4 34. Qxe4 Qxd2 35. Qg6+ Kh8 36. Qxf6+ Kh7 37. Qe7+ Kg8 38. Rb1 Rf8 39. Qh4 Rf4 40. h3 Raf8 41. Nc3 Qe3+ 0-1

[Event "Titled Tuesday intern op 16th Jul Late"]
[Site "Chess.com INT"]
[Date "2024.07.16"]
[Round "4"]
[White "Alvarado, Carlos"]
[Black "Lancman, Kyle"]
[Result "1-0"]
[WhiteElo "2108"]
[BlackElo "2075"]
[PlyCount "119"]
[EventDate "2024.07.16"]
[EventType "swiss (blitz)"]
[EventRounds "11"]
[EventCountry "USA"]
[SourceTitle "EXT 2025"]
[Source "ChessBase"]
[SourceDate "2024.10.14"]
[SourceVersion "1"]
[SourceVersionDate "2024.10.14"]
[SourceQuality "1"]

1. Nf3 Nf6 2. b3 b6 3. g3 Bb7 4. Bg2 c5 5. c4 g6 6. Bb2 Bg7 7. 0-0 0-0 8. d3 Nc6 9. Na3 d5 10. cxd5 Nxd5 11. Bxg7 Kxg7 12. Qd2 e5 13. Nc2 Qd6 14. Ng5 f6 15. Ne4 Qd7 16. Ne3 Nd4 17. Nxd5 Qxd5 18. e3 Ne6 19. f4 Rad8 20. Rad1 exf4 21. gxf4 Nc7 22. Qb2 Ba8 23. Rd2 Qe6 24. Qc3 Nd5 25. Qc4 f5 26. Rfd1 fxe4 27. dxe4 Rde8 28. Rxd5 Bxd5 29. Rxd5 Rf7 30. a4 Qf6 31. Rg5 Qa1+ 32. Kf2 Qb2+ 33. Kg3 h6 34. Rd5 Qf6 35. h4 Qe6 36. e5 Rd7 37. Qd3 Rxd5 38. Bxd5 Rd8 39. e4 Qe7 40. Qc3 Kh7 41. e6 Rf8 42. Qe5 Qf6 43. Qc7+ Kh8 44. e7 Re8 45. Qxa7 Qxe7 46. Qxb6 Qg7 47. Qxc5 Rf8 48. b4 Qf6 49. Qe3 g5 50. hxg5 hxg5 51. f5 Qe5+ 52. Kg4 Qh2 53. Qh3+ Qxh3+ 54. Kxh3 Kg7 55. Kg4 Kf6 56. b5 Rb8 57. Bc6 Ke5 58. a5 Kd6 59. a6 Kc5 60. a7 1-0

[Event "Titled Tuesday intern op 21st May Late"]
[Site "Chess.com INT"]
[Date "2024.05.21"]
[Round "1"]
[White "Funderburg, John T"]
[Black "Lancman, Kyle"]
[Result "0-1"]
[WhiteElo "2100"]
[BlackElo "2075"]
[PlyCount "40"]
[EventDate "2024.05.21"]
[EventType "swiss (blitz)"]
[EventRounds "11"]
[EventCountry "USA"]
[SourceTitle "CBM 220 Extra"]
[Source "ChessBase"]
[SourceDate "2024.07.31"]
[SourceVersion "1"]
[SourceVersionDate "2024.07.31"]
[SourceQuality "1"]

1. e4 c5 2. Ne2 Nc6 3. Nbc3 g6 4. g3 Bg7 5. Bg2 d6 6. d3 Nf6 7. h3 0-0 8. Be3 Rb8 9. f4 Nd7 10. 0-0 b5 11. Qd2 b4 12. Nd1 a5 13. c3 Ba6 14. Nf2 a4 15. a3 bxc3 16. bxc3 Qa5 17. e5 Rfc8 18. d4 cxd4 19. cxd4 Qxd2 20. Bxd2 Bxe2 0-1

[Event "Titled Tuesday intern op 07th May Late"]
[Site "Chess.com INT"]
[Date "2024.05.07"]
[Round "3"]
[White "Lancman, Kyle"]
[Black "Catur, Adi Sagita"]
[Result "0-1"]
[WhiteElo "2075"]
[BlackElo "2332"]
[PlyCount "66"]
[EventDate "2024.05.07"]
[EventType "swiss (blitz)"]
[EventRounds "11"]
[EventCountry "USA"]
[SourceTitle "EXT 2025"]
[Source "ChessBase"]
[SourceDate "2024.10.14"]
[SourceVersion "1"]
[SourceVersionDate "2024.10.14"]
[SourceQuality "1"]

1. e4 c5 2. Nf3 Nc6 3. Bb5 e6 4. Bxc6 dxc6 5. 0-0 Ne7 6. d3 Ng6 7. Be3 Be7 8. Nbd2 0-0 9. Nb3 b6 10. a4 a5 11. Nbd2 Qc7 12. Nc4 Ba6 13. b3 Rfd8 14. Qc1 Bf6 15. Rb1 Rac8 16. Bg5 Bxg5 17. Qxg5 b5 18. Nce5 f6 19. Qg4 Nxe5 20. Qxe6+ Qf7 21. Qh3 Nxf3+ 22. gxf3 c4 23. Kh1 cxd3 24. cxd3 b4 25. Rfd1 Qd7 26. Qg3 Bxd3 27. Rb2 Qc7 28. Rbd2 Qd7 29. Rxd3 Qxd3 30. Rxd3 Rxd3 31. Qg4 Re8 32. Qh5 Re5 33. Qg4 Rd1+ 0-1

[Event "Titled Tuesday intern op 30th Apr Late"]
[Site "Chess.com INT"]
[Date "2024.04.30"]
[Round "10"]
[White "Carrasco Miranda, Andres"]
[Black "Lancman, Kyle"]
[Result "0-1"]
[WhiteElo "2221"]
[BlackElo "2075"]
[PlyCount "56"]
[EventDate "2024.04.30"]
[EventType "swiss (blitz)"]
[EventRounds "11"]
[EventCountry "USA"]
[SourceTitle "EXT 2025"]
[Source "ChessBase"]
[SourceDate "2024.10.14"]
[SourceVersion "1"]
[SourceVersionDate "2024.10.14"]
[SourceQuality "1"]

1. Nf3 Nf6 2. c4 e6 3. g3 a6 4. Bg2 b5 5. b3 Bb7 6. Bb2 c5 7. 0-0 Be7 8. e3 0-0 9. Qe2 d5 10. d4 bxc4 11. bxc4 cxd4 12. Nxd4 Nc6 13. Rd1 Qb6 14. Nc3 Nxd4 15. Rxd4 dxc4 16. Bxb7 Qxb7 17. Rxc4 Rac8 18. Rf4 Bd6 19. Rxf6 gxf6 20. Qg4+ Kh8 21. Nb5 Be5 22. Bxe5 fxe5 23. Nd6 Qb2 24. Rd1 Rc1 25. h4 Qd2 26. Rxc1 Qxc1+ 27. Kh2 Qc2 28. Qe4 Qxf2+ 0-1

[Event "Titled Tuesday intern op 30th Apr Late"]
[Site "Chess.com INT"]
[Date "2024.04.30"]
[Round "3"]
[White "Hoffmann, Asa"]
[Black "Lancman, Kyle"]
[Result "1-0"]
[WhiteElo "2185"]
[BlackElo "2075"]
[PlyCount "63"]
[EventDate "2024.04.30"]
[EventType "swiss (blitz)"]
[EventRounds "11"]
[EventCountry "USA"]
[SourceTitle "EXT 2025"]
[Source "ChessBase"]
[SourceDate "2024.10.14"]
[SourceVersion "1"]
[SourceVersionDate "2024.10.14"]
[SourceQuality "1"]

1. d4 d5 2. Bg5 f6 3. Bf4 Nc6 4. Nf3 Bg4 5. Nbd2 g5 6. Bg3 Nh6 7. e3 Nf5 8. Bb5 h5 9. h3 Nxg3 10. fxg3 Bd7 11. c4 e6 12. Qc2 Rh6 13. a3 a6 14. Bxc6 Bxc6 15. 0-0-0 Bd6 16. g4 h4 17. e4 dxe4 18. Nxe4 Bf4+ 19. Kb1 Qe7 20. d5 Bd7 21. Rhe1 0-0-0 22. Nd4 e5 23. Nf5 Bxf5 24. gxf5 Kb8 25. c5 Rhh8 26. Qa4 Ka7 27. d6 cxd6 28. cxd6 Qf7 29. Rd3 Rc8 30. d7 Rc4 31. Nd6 Rxa4 32. Nxf7 1-0

[Event "Titled Tuesday intern op 23rd Apr Early"]
[Site "Chess.com INT"]
[Date "2024.04.23"]
[Round "1"]
[White "Bardyk, Artem"]
[Black "Lancman, Kyle"]
[Result "1-0"]
[WhiteElo "2238"]
[BlackElo "2075"]
[PlyCount "105"]
[EventDate "2024.04.23"]
[EventType "swiss (blitz)"]
[EventRounds "11"]
[EventCountry "USA"]
[SourceTitle "EXT 2025"]
[Source "ChessBase"]
[SourceDate "2024.10.14"]
[SourceVersion "1"]
[SourceVersionDate "2024.10.14"]
[SourceQuality "1"]

1. e4 c5 2. Nf3 g6 3. c3 Nf6 4. e5 Nd5 5. h4 d6 6. h5 Bg7 7. d4 cxd4 8. h6 Bxe5 9. Nxe5 dxe5 10. cxd4 Nc6 11. dxe5 Bf5 12. Be2 Ndb4 13. 0-0 Qxd1 14. Bxd1 Nxe5 15. Nc3 0-0 16. Re1 Nec6 17. Bg5 Rfe8 18. Nb5 Rac8 19. Bb3 Nc2 20. Bxc2 Bxc2 21. Rac1 Bf5 22. Re3 f6 23. Bh4 a6 24. Nc3 Rcd8 25. Rce1 Kf7 26. Na4 Nd4 27. Rc3 b5 28. Nc5 a5 29. Nb7 Ra8 30. Rc7 Ne6 31. Nd6+ Kf8 32. Nxe8 Kxe8 33. Rb7 b4 34. f3 g5 35. Bf2 Kf7 36. g4 Bg6 37. Rd1 Nf8 38. Bc5 Re8 39. Ra7 Ne6 40. Be3 Rc8 41. Rxa5 Rc2 42. Ra7 Nf8 43. Bb6 Rxb2 44. Bc5 Re2 45. Bxb4 Re5 46. Re1 Rxe1+ 47. Bxe1 Ne6 48. Bb4 Nd4 49. Rxe7+ Kg8 50. Kf2 Nc2 51. Rg7+ Kh8 52. Rb7 Nxb4 53. Rb8+ 1-0

[Event "Titled Tuesday intern op 23rd Apr Late"]
[Site "Chess.com INT"]
[Date "2024.04.23"]
[Round "10"]
[White "Ezat, Mohamed Mahmoud"]
[Black "Lancman, Kyle"]
[Result "0-1"]
[WhiteElo "2349"]
[BlackElo "2075"]
[PlyCount "140"]
[EventDate "2024.04.23"]
[EventType "swiss (blitz)"]
[EventRounds "11"]
[EventCountry "USA"]
[SourceTitle "CBM 219 Extra"]
[Source "ChessBase"]
[SourceDate "2024.05.31"]
[SourceVersion "1"]
[SourceVersionDate "2024.05.31"]
[SourceQuality "1"]

1. d4 d5 2. c4 e6 3. Nc3 Nf6 4. cxd5 Nxd5 5. e4 Nxc3 6. bxc3 c5 7. a3 cxd4 8. cxd4 e5 9. d5 Bc5 10. Nf3 Bg4 11. Qa4+ Nd7 12. Nxe5 Qf6 13. f4 0-0 14. Bb2 Qb6 15. Nd3 Bf2+ 16. Nxf2 Qxb2 17. Nxg4 Qxa1+ 18. Kf2 Nc5 19. Qc4 Qxa3 20. Be2 Rac8 21. Qd4 Qa4 22. Qxa4 Nxa4 23. Ra1 Nc5 24. e5 Ra8 25. d6 a5 26. Bb5 a4 27. Ra3 Ra5 28. Be2 b5 29. Ne3 b4 30. Ra1 a3 31. Nc4 Ra7 32. Rc1 a2 33. Ke3 a1Q 34. Rxa1 Rxa1 35. Kd4 Ne6+ 36. Ke4 b3 37. f5 Nc5+ 38. Kd5 Na4 39. e6 fxe6+ 40. fxe6 Nc3+ 41. Kc6 Nxe2 42. e7 Nd4+ 43. Kd5 Rd1 44. Nb2 Rd2 45. Nc4 Rd3 46. Nb2 Rd2 47. Nc4 Rf5+ 48. Ke4 Re2+ 49. Kxd4 Rf8 50. Kd3 b2 51. Nxb2 Rxb2 52. d7 Rbb8 53. Kd4 Rfd8 54. exd8Q+ Rxd8 55. Ke5 Rxd7 56. Ke6 Rd2 57. g4 Rxh2 58. g5 Rf2 59. g6 hxg6 60. Ke7 g5 61. Ke6 Rf6+ 62. Ke5 g4 63. Ke4 g3 64. Ke3 g2 65. Ke2 g1Q 66. Kd3 Qg5 67. Ke4 Qf5+ 68. Ke3 Re6+ 69. Kd4 Qf7 70. Kc5 Qd7 0-1

[Event "Titled Tuesday intern op 23rd Apr Early"]
[Site "Chess.com INT"]
[Date "2024.04.23"]
[Round "2"]
[White "Lancman, Kyle"]
[Black "Dahlgren, James Allen"]
[Result "1-0"]
[WhiteElo "2075"]
[BlackElo "1868"]
[PlyCount "47"]
[EventDate "2024.04.23"]
[EventType "swiss (blitz)"]
[EventRounds "11"]
[EventCountry "USA"]
[SourceTitle "EXT 2025"]
[Source "ChessBase"]
[SourceDate "2024.10.14"]
[SourceVersion "1"]
[SourceVersionDate "2024.10.14"]
[SourceQuality "1"]

1. e4 e6 2. d4 c5 3. Nc3 cxd4 4. Qxd4 Nc6 5. Qd2 Nf6 6. b3 Bb4 7. Bd3 0-0 8. Bb2 d5 9. exd5 exd5 10. a3 Re8+ 11. Nge2 Ba5 12. b4 Bb6 13. 0-0 Be6 14. Nf4 Nd4 15. Nb5 Nxb5 16. Bxb5 Bd7 17. Bxd7 Qxd7 18. Bxf6 gxf6 19. Qxd5 Qxd5 20. Nxd5 Bd4 21. Rad1 Bb2 22. Rb1 Bxa3 23. Rb3 Re5 24. Ne3 1-0

[Event "Titled Tuesday intern op 23rd Apr Late"]
[Site "Chess.com INT"]
[Date "2024.04.23"]
[Round "2"]
[White "Lancman, Kyle"]
[Black "Novikova, Margarita"]
[Result "1-0"]
[WhiteElo "2075"]
[BlackElo "1999"]
[PlyCount "77"]
[EventDate "2024.04.23"]
[EventType "swiss (blitz)"]
[EventRounds "11"]
[EventCountry "USA"]
[SourceTitle "CBM 219 Extra"]
[Source "ChessBase"]
[SourceDate "2024.05.31"]
[SourceVersion "1"]
[SourceVersionDate "2024.05.31"]
[SourceQuality "1"]

1. e4 d5 2. exd5 Nf6 3. Bb5+ Bd7 4. Bc4 Bg4 5. f3 Bf5 6. Nc3 Nbd7 7. d4 Nb6 8. Bb5+ Bd7 9. Bd3 Nbxd5 10. Nxd5 Nxd5 11. Bd2 e6 12. Ne2 Bd6 13. c4 Nb4 14. Be4 Bc6 15. 0-0 Bxe4 16. fxe4 Nc6 17. Bc3 Qh4 18. e5 Be7 19. d5 0-0-0 20. Rf4 Qh5 21. Ng3 Qxd1+ 22. Rxd1 exd5 23. cxd5 Bc5+ 24. Kf1 f6 25. exf6 Rhf8 26. Rd2 Be3 27. Rf3 Bxd2 28. Bxd2 Nd4 29. fxg7 Nxf3 30. gxf3 Rg8 31. Nf5 Kd7 32. Bc3 c6 33. dxc6+ bxc6 34. Nh6 Ke6 35. f4 Kd5 36. f5 Ke4 37. f6 Rd1+ 38. Ke2 Rd7 39. Nxg8 1-0

[Event "Titled Tuesday intern op 19th Mar Late"]
[Site "Chess.com INT"]
[Date "2024.03.19"]
[Round "2"]
[White "Guo, Anni"]
[Black "Lancman, Kyle"]
[Result "0-1"]
[WhiteElo "1902"]
[BlackElo "2075"]
[PlyCount "78"]
[EventDate "2024.03.19"]
[EventType "swiss (blitz)"]
[EventRounds "11"]
[EventCountry "USA"]
[SourceTitle "EXT 2025"]
[Source "ChessBase"]
[SourceDate "2024.10.14"]
[SourceVersion "1"]
[SourceVersionDate "2024.10.14"]
[SourceQuality "1"]

1. b3 c5 2. Bb2 Nc6 3. e3 d6 4. d4 cxd4 5. exd4 Nf6 6. Nf3 Bg4 7. Be2 g6 8. h3 Bxf3 9. Bxf3 Bg7 10. 0-0 0-0 11. c4 Rc8 12. Na3 Nd7 13. Rc1 Qb6 14. Bxc6 Qxc6 15. d5 Qa6 16. Bxg7 Kxg7 17. Qd4+ Kg8 18. Qb2 Nc5 19. Rfd1 Qb6 20. Nb5 f5 21. Nd4 a5 22. Qe2 Rf7 23. Ne6 Ne4 24. Rc2 Qb4 25. Qe1 Qb6 26. Qe2 a4 27. bxa4 Qa5 28. Rd3 Qxa4 29. Rb3 Qa6 30. Kh2 Qa7 31. f3 Nf6 32. Re3 h5 33. Ng5 Nxd5 34. Nxf7 Nxe3 35. Rc3 f4 36. Ng5 Qd4 37. Rc1 Qe5 38. Ne4 d5 39. Nd2 Ng4+ 0-1